| 000 | 00668nam a22002297a 4500 | ||
|---|---|---|---|
| 003 | UA-OsUOA | ||
| 001 | 27413 | ||
| 007 | ta | ||
| 008 | 20040625b un ||||| |||| 00| 0 ukr d | ||
| 090 |
_a7.01 _bК36 |
||
| 942 | _cBK | ||
| 040 |
_aUA-OsUOA _brus _cUA-OsUOA _dUA-OsUOA |
||
| 245 |
_aУкраїнське народне мистецтво _bкераміка і скло _cред. Ф. М. Алексєєнко |
||
| 300 |
_a217 с. _bІлюстрації |
||
| 955 | _a2 | ||
| 041 | _arus | ||
| 080 | _a7.01 | ||
| 260 |
_aК. _bМистецтво _c1974 |
||
| 044 | _aRU | ||
| 650 | 7 |
_a7.0 Загальні питання мистецтва _2UDC |
|
| 999 |
_c313757 _d313757 |
||